Statistiques concernant Traduction de vocabulaire en espagnol - corps humain

Cliquez ici pour prendre le quiz!

Statistiques générales

  • Ce quiz a été pris 97 fois
  • Le résultat moyen est 11 sur 30

Statistiques - réponses

FrançaisEspagnol% Correct
TêteCabeza
92%
MainMano
83%
YeuxOjos
80%
BoucheBoca
77%
CœurCorazón
75%
PiedPie
73%
BrasBrazo
60%
CheveuxPelo
60%
NezNariz
55%
DentDiente
49%
DoigtDedo
47%
CouCuello
44%
OreilleOreja
39%
JambePierna
32%
FrontFrente
29%
GenouRodilla
29%
PoumonsPulmón
25%
CoudeCodo
23%
GorgeGarganta
21%
CerveauCerebro
20%
EpauleHombro
20%
PoignetMuñeca
17%
VentreVientre
17%
SourcilCeja
15%
NombrilOmbligo
7%
FesseNalgas
5%
MolletPantorilla
5%
CuisseMuslo
4%
OngleClavo
1%
ChevilleTopillo
0%

Distribution des résultats

Percentile par nombre de réponses

% des personnes avec chaque résultat

Votre développement - résultats

Vous n’avez pas pris ce quiz